Масла перестройки; Химия и жизнь - XXI век; № 10

Λεπτομέρειες βιβλιογραφικής εγγραφής
Parent link:Химия и жизнь - XXI век: научно-популярный журнал/ ИнформНаука.— , 1996-
№ 10.— 2003.— С. 30-33
Κύριος συγγραφέας: Садовский А. С.
Γλώσσα:Ρωσικά
Έκδοση: 2003
Σειρά:Вещи и вещества
Θέματα:
Μορφή: MixedMaterials Κεφάλαιο βιβλίου
KOHA link:https://koha.lib.tpu.ru/cgi-bin/koha/opac-detail.pl?biblionumber=389248

MARC

LEADER 00000naa2a2200000 4500
001 389248
005 20231101063836.0
035 |a (RuTPU)RU\TPU\prd\21166 
090 |a 389248 
100 |a 20040113a2003 k y0rusy50 ca 
101 0 |a rus 
102 |a RU 
200 1 |a Масла перестройки  |f А. С. Садовский 
225 1 |a Вещи и вещества 
461 1 |0 (RuTPU)RU\TPU\prd\1643  |t Химия и жизнь - XXI век  |o научно-популярный журнал  |f ИнформНаука  |d 1996- 
463 1 |0 (RuTPU)RU\TPU\prd\20283  |t № 10  |v С. 30-33  |d 2003 
610 1 |a растительное масло 
610 1 |a масла 
610 1 |a пальмовое масло 
610 1 |a лауриновое масло 
610 1 |a питание 
610 1 |a оливковое масло 
610 1 |a продукты 
700 1 |a Садовский  |b А. С. 
801 1 |a RU  |b 63413507  |c 20040113  |g PSBO 
801 2 |a RU  |b 63413507  |c 20160924  |g RCR 
942 |c BK